TEXTBOOK ON THE BHARATIYA NYAYA SANHITA, 2023 (Record no. 8740)

MARC details
000 -LEADER
fixed length control field 00477nam a22001817a 4500
005 - DATE AND TIME OF LATEST TRANSACTION
control field 20250415120748.0
008 - FIXED-LENGTH DATA ELEMENTS--GENERAL INFORMATION
fixed length control field 250411b |||||||| |||| 00| 0 eng d
020 ## - INTERNATIONAL STANDARD BOOK NUMBER
ISBN 978-93-95116-93-0
041 ## - LANGUAGE CODE
Language code of text/sound track or separate title eng
082 ## - DEWEY DECIMAL CLASSIFICATION NUMBER
Classification number 345.0954 GAU-T
100 ## - MAIN ENTRY--AUTHOR NAME
Personal name GAUR, K.D AND MADHU , GAUR
245 ## - TITLE STATEMENT
Title TEXTBOOK ON THE BHARATIYA NYAYA SANHITA, 2023
250 ## - EDITION STATEMENT
Edition statement 1ST ED., 2024
260 ## - PUBLICATION, DISTRIBUTION, ETC. (IMPRINT)
Place of publication GURGAON
Name of publisher LEXIS NEXIS
300 ## - PHYSICAL DESCRIPTION
Number of Pages 1542;P
650 ## - SUBJECT ADDED ENTRY--TOPICAL TERM
Topical Term LEGAL STUDIES
942 ## - ADDED ENTRY ELEMENTS (KOHA)
Koha item type Books
Holdings
Lost status Damaged status Collection code Home library Current library Shelving location Date acquired Source of acquisition Cost, normal purchase price Full call number Accession Number Koha item type
    Reference JRU Library JRU Library SHELF -1-B 10/04/2025 PURCHASE 1195.00 345.0954 28653 Books
    LAW JRU Library JRU Library SHELF-29-B 10/04/2025 PURCHASE 1195.00 345.0954 28654 Books
    LAW JRU Library JRU Library SHELF-29-B 10/04/2025 PURCHASE 1195.00 345.0954 28655 Books